UM Logo

Police operations: (Record no. 4008)

MARC details
000 -LEADER
fixed length control field 00675nam a2200193 4500
008 - FIXED-LENGTH DATA ELEMENTS--GENERAL INFORMATION
fixed length control field 160822b xxu||||| |||| 00| 0 eng d
020 ## - INTERNATIONAL STANDARD BOOK NUMBER
International Standard Book Number 053463222X
082 ## - DEWEY DECIMAL CLASSIFICATION NUMBER
Edition number 2006
Classification number DC 363.2
Item number H46p
100 ## - MAIN ENTRY--PERSONAL NAME
9 (RLIN) 13395
Personal name Hess, Karen M.
245 ## - TITLE STATEMENT
Title Police operations:
Remainder of title theory and practice/
Statement of responsibility, etc. Karen Matison Hess and Henry M. Wrobleski.
250 ## - EDITION STATEMENT
Edition statement 4th edition
260 ## - PUBLICATION, DISTRIBUTION, ETC. (IMPRINT)
Place of publication, distribution, etc. Australia:
Name of publisher, distributor, etc. Thomson/Wadsworth,
Date of publication, distribution, etc. c2006.
300 ## - PHYSICAL DESCRIPTION
Extent xxv, 513 pages:
Other physical details illustrations;
Dimensions 22 cm.
500 ## - GENERAL NOTE
General note Includes bibliographical references, glossary and index.
650 #0 - SUBJECT ADDED ENTRY--TOPICAL TERM
9 (RLIN) 13396
Topical term or geographic name as entry element Police
650 #0 - SUBJECT ADDED ENTRY--TOPICAL TERM
9 (RLIN) 13397
Topical term or geographic name as entry element Police
General subdivision United States
700 ## - ADDED ENTRY--PERSONAL NAME
9 (RLIN) 13398
Personal name Wrobleski, Henry M.
Relator term Author
942 ## - ADDED ENTRY ELEMENTS (KOHA)
Source of classification or shelving scheme Dewey Decimal Classification
Koha item type Circulation
Holdings
Withdrawn status Lost status Source of classification or shelving scheme Damaged status Not for loan Collection code Home library Current library Date acquired Source of acquisition Total Checkouts Full call number Barcode Date last seen Price effective from Koha item type
    Dewey Decimal Classification     Circulation UM Digos College - LIC UM Digos College - LIC   Photocopied   DC 363.2 H46p 2006 20585 08/22/2016 08/22/2016 Circulation